Movies Quiz

Random Movies or Actress Quiz

PBJ Actors & Actresses Quiz Stats

 Plays Quiz not verified by Sporcle

Score 0/25 Timer 05:00
0 Plays Today
% Correct
Robin Williams
95%
Tom Hanks
94.8%
Renee Zellweger
94.3%
Keanu Reeves
92.7%
Samuel L. Jackson
92.3%
Jake Gyllenhaal
91.3%
Adam Sandler
90.6%
Kevin Costner
90.3%
Meryl Streep
89.8%
Dwayne Johnson
89.6%
Steve Martin
88.7%
Denzel Washington
86.9%
Arnold Schwarzenegger
86.9%
% Correct
Ben Affleck
86.4%
Michael Keaton
86%
Richard Dreyfuss
83.9%
Ashton Kutcher
83.1%
Chris Pratt
80.9%
Sylvester Stallone
80.6%
Jennifer Lawrence
78.1%
Ryan Reynolds
77.3%
Robert Duvall
71.2%
Natalie Portman
70.2%
Scarlett Johansson
69.2%
Bruce Willis
67.7%

You're not logged in!

Compare scores with friends on all Sporcle quizzes.
OR
Log In

Show Comments

Extras

Top Quizzes Today


Score Distribution

Your Account Isn't Verified!

In order to create a playlist on Sporcle, you need to verify the email address you used during registration. Go to your Sporcle Settings to finish the process.

Report this User

Report this user for behavior that violates our Community Guidelines.

Details: